Vývoj cien energetických komodít v období 03/2022 až 05/2022

Riziko odstavenia dodávok ruského plynu do Európy kvôli vojne na Ukrajine bolo hlavným faktorom vývoja cien komodít v uplynulom štvrťroku. Kým sa tento konflikt neskončí, bude to tak aj naďalej.

Saved in:
Bibliographic Details
Main Author: Pišta, Ján
Format: Book Chapter
Language:Slovak
Subjects:
Tags: Add Tag
No Tags, Be the first to tag this record!

MARC

LEADER 00000naa a2200000 4500
001 0312471
005 20250926103305.6
041 0 |a slo 
044 |a CZ 
245 1 0 |a Vývoj cien energetických komodít v období 03/2022 až 05/2022  |c Ján Pišta 
520 |a Riziko odstavenia dodávok ruského plynu do Európy kvôli vojne na Ukrajine bolo hlavným faktorom vývoja cien komodít v uplynulom štvrťroku. Kým sa tento konflikt neskončí, bude to tak aj naďalej. 
610 2 0 |a elektrina 
610 2 0 |a komodity 
610 2 0 |a vývoj cenový 
610 2 0 |a trh energetický 
610 2 0 |a plyn zemný 
610 2 0 |a konflikty medzinárodné 
100 1 |a Pišta, Ján